000 nam a22 a 4500
999 _c355136
_d355136
003 BLK
005 20220223085952.0
008 200416b bu ||||| |||| 00| 0 bu d
040 _aBLK
041 _aBUL
_cBUL
080 _aОсновни положения на логиката. Формална логика
_b161/162
_z161/162
100 _9303197
_aИкономов, Тодор Поппетров
_eпърви автор
139 _aИкономов, Тодор Поппетров
_bИ 50
245 _aЛогиката на лицата пред логиката на нещата
_cТодор Поппетров Икономов
260 _aРусе
_c1886
_fСт. Ив. Роглев
300 _a24 с.
_c25 см
380 _a1
650 7 _9160748
_aЛогика
653 7 _9190062
_aлогика
852 _a К 1/И 50
942 _cKNG
_n0
_s1
944 _c2020-04-16
_kВаля Йорданова
999 _d355136